[Event "VIE-chT (Women)"]
[Site "Ho Chi Minh City"]
[Date "2017.07.24"]
[Round "2.29"]
[White "Vo, Dinh Khai My"]
[Black "Bui, Ngoc Phuong Nghi"]
[Result "1/2-1/2"]
[WhiteElo "1914"]
[BlackElo "1507"]
[PlyCount "106"]
[EventDate "2017.07.24"]
[EventType "team-swiss"]
[EventRounds "9"]
[EventCountry "VIE"]
[SourceTitle "EXT 2019"]
[Source "ChessBase"]
[SourceDate "2018.10.10"]
[SourceVersion "1"]
[SourceVersionDate "2018.10.10"]
[SourceQuality "1"]

1. d4 Nf6 2. c4 e6 3. Nc3 d5 4. Nf3 Be7 5. e3 0-0 6. Bd3 c5 7. cxd5 Nxd5 8. Nxd5 exd5 9. dxc5 Bxc5 10. 0-0 Nc6 11. Bd2 Bg4 12. Bc3 d4 13. exd4 Bxd4 14. Bxd4 Nxd4 15. Bxh7+ Kxh7 16. Qxd4 Bxf3 17. Qxd8 Raxd8 18. gxf3 Rd2 19. b3 Rc8 20. Kg2 Rcc2 21. a4 Kg6 22. Rad1 Re2 23. Rd6+ f6 24. Rd7 b6 25. Rxa7 Rb2 26. Rb7 Rxb3 27. a5 b5 28. Ra1 Rbb2 29. Rf1 b4 30. a6 b3 31. a7 Ra2 32. Kg3 Reb2 33. h4 Rc2 34. Rb1 Rxf2 35. R1xb3 Rg2+ 36. Kf4 Kh5 37. Rb1 Kg6 38. Re1 Kh6 39. Re8 Ra4+ 40. Re4 Ra3 41. Re8 Ra4+ 42. Re4 Ra3 43. Re8 Ra4+ 44. Ke3 Ra3+ 45. Kd4 Rd2+ 46. Kc4 Rda2 47. Rh8+ Kg6 48. h5+ Kf5 49. Rxg7 Rxa7 50. Rxa7 Rxa7 51. Kd5 Re7 52. h6 Kg6 53. Kd6 Re3 1/2-1/2